000 00538nam a22001817a 4500
005 20251108164155.0
008 250721s1991 xx 000 0 ara d
082 1 4 _a301.31/اوي
100 1 _aاوين، دينيس . ف
245 1 0 _aالبيئة و قضاياها /
264 1 _aالقاهرة :
_bمركز النشر لجامعة القاهره،
_c1991.
300 _a214ص
650 1 7 _aعلم الإجتماع
650 1 7 _aالبيئة
700 1 _aمستجير، أحمد
_eترجمة
942 _2ddc
_cBK
999 _c5479
_d5479